000 00445nam a2200181Ia 4500
005 20250423100234.0
008 250422s9999 xx 000 0 und d
020 _a0321223411
050 _aHD 2326 .C376/
100 _aCarlton, W. Dennis
245 0 _aModern industrial organization
260 _aBoston
260 _bPearson Education Limited
260 _c2005
300 _a822 p
650 _aIndustrial Organization
942 _cBK
999 _c32701
_d32701